Normal view
MARC view
Entry Corporate Name
001 - CONTROL NUMBER
- control field: 972425
003 - CONTROL NUMBER IDENTIFIER
- control field:
005 - DATE AND TIME OF LATEST TRANSACTION
- control field: 20210627112444.0
008 - FIXED-LENGTH DATA ELEMENTS
- fixed length control field: 210627|| aca||aabn | a|a d
040 ## - CATALOGING SOURCE
- Original cataloging agency:
- Transcribing agency:
110 ## - HEADING--CORPORATE NAME
- Corporate name or jurisdiction name as entry element: India
- Subordinate unit: Indian Council of Agricultural Research
- Subordinate unit: Publications and Information Division
670 ## - SOURCE DATA FOUND
- Source citation: Work cat.: ()854101: Geevarghese, G. 962711, The Indian hyalomma ticks (In pe podea : ixodidae) /, 1987
